| 000 | 00417pab a2200145 454500 | ||
|---|---|---|---|
| 008 | 180718b1991 xxu||||| |||| 00| 0 eng d | ||
| 100 | _aRoot, Hilton L | ||
| 245 |
_aThe redistributive role of government _bEconomic regulation in old regime France and England |
||
| 260 | _c1991 | ||
| 300 | _a338-69 | ||
| 362 | _aApr. | ||
| 650 | _aLobbying | ||
| 773 | _aComparative Studies In Society and History | ||
| 909 | _a12916 | ||
| 999 |
_c12916 _d12916 |
||